LEADER 01087nam0 2200301 450 001 000004334 005 20050630120200.0 010 $a88-387-2191-2 100 $a--------d2001----km-y0itay50------ba 101 $aita 102 $aIT 200 1 $aTrattato breve di diritto della rete$ele regole di Internet$fdiretto da Andrea Sirotti Gaudenzi$gprefazione di Tito Ballarino; [con i contributi di F. Brugaletta, L. De Grazia... et al.] 210 $aRimini$cMaggioli$d2001c 215 $a574 p.$d24 cm 225 2 $aLegale 307 $aSegue : Appendice normativa; Assegnazione dei nomi a dominio 410 0$12001$aLegale 610 1 $aInternet $aUtilizzazione$aLegislazione 676 $a343.0999 701 1$aBrugaletta,$bFrancesco$0262952 701 1$aDe Grazia,$bLuca M.$0630230 702 1$aSirotti Gaudenzi,$bAndrea 702 1$aBallarino,$bTito 801 0$aIT $bUNIPARTHENOPE $gRICA $2UNIMARC 912 $a000004334 951 $cNAVA1$a343-T/11$b35590$d20021114 996 $aTrattato breve di diritto della rete$91205812 997 $aUNIPARTHENOPE